| Tag |
First Indicator |
Second Indicator |
Subfields |
| LEADER |
00000cam a2200000 a 4500 |
| 001 |
in00002467013 |
| 005 |
20151110040754.0 |
| 008 |
080613s2008 ctu b 001 0 eng |
| 010 |
|
|
|a 2008026295
|
| 020 |
|
|
|a 9781591587347 (pbk. : alk. paper)
|
| 020 |
|
|
|a 1591587344 (pbk. : alk. paper)
|
| 035 |
|
|
|a (OCoLC)ocn232391379
|
| 035 |
|
|
|a (OCoLC)232391379
|
| 040 |
|
|
|a DLC
|c DLC
|d YDXCP
|d JED
|d C#P
|d BWX
|d CDX
|d UtOrBLW
|
| 049 |
|
|
|a TXAM
|
| 050 |
0 |
0 |
|a PS3606.R433
|b A73 2008
|
| 082 |
0 |
0 |
|a 812/.6
|2 22
|
| 100 |
1 |
|
|a Fredericks, Anthony D.
|
| 245 |
1 |
0 |
|a American folklore, legends, and tall tales for readers theatre /
|c Anthony D. Fredericks.
|
| 264 |
|
1 |
|a Westport, Conn. :
|b Teachers Idea Press,
|c 2008.
|
| 300 |
|
|
|a xii, 140 pages ;
|c 28 cm.
|
| 336 |
|
|
|a text
|b txt
|2 rdacontent
|
| 337 |
|
|
|a unmediated
|b n
|2 rdamedia
|
| 338 |
|
|
|a volume
|b nc
|2 rdacarrier
|
| 490 |
1 |
|
|a Readers theatre series
|
| 504 |
|
|
|a Includes bibliographical references (page 133) and index.
|
| 650 |
|
0 |
|a Heroes
|z United States
|v Juvenile drama.
|
| 650 |
|
0 |
|a Folklore
|z United States
|v Juvenile drama.
|
| 650 |
|
0 |
|a Legends
|z United States
|v Juvenile drama.
|
| 650 |
|
0 |
|a Tall tales
|z United States
|v Juvenile drama.
|
| 650 |
|
0 |
|a Children's plays, American.
|
| 650 |
|
0 |
|a Readers' theater.
|
| 650 |
|
0 |
|a Drama in education.
|
| 650 |
|
0 |
|a Folklore
|x Study and teaching (Elementary)
|x Activity programs
|z United States.
|
| 650 |
|
0 |
|a Legends
|x Study and teaching (Elementary)
|x Activity programs
|z United States.
|
| 650 |
|
0 |
|a Tall tales
|x Study and teaching (Elementary)
|x Activity programs
|z United States.
|
| 830 |
|
0 |
|a Readers theatre series.
|
| 938 |
|
|
|a YBP Library Services
|b YANK
|n 2844675
|
| 938 |
|
|
|a Blackwell Book Service
|b BBUS
|n R7744778
|c $25.00
|
| 938 |
|
|
|a Coutts Information Services
|b COUT
|n 8468051
|c 25.00 USD
|
| 945 |
|
|
|a PromptCat
|b 581552
|
| 946 |
|
|
|a stk
|
| 947 |
|
|
|a A14837411166
|
| 994 |
|
|
|a 92
|b TXA
|
| 948 |
|
|
|a cataloged
|b h
|d 2009/1/6
|h c
|e asalazar
|f 2:12:15 pm
|
| 999 |
|
|
|a MARS
|
| 999 |
f |
f |
|s acfcb864-a82d-34d5-ae77-cd01cd27c5e7
|i 8319ab6d-8b51-37e2-a307-7ee9712eeb68
|t 0
|
| 952 |
f |
f |
|p ric
|a Texas A&M University
|b Rellis Campus
|c Joint Library Facility
|d Remote Storage
|t 0
|e PS3606.R433 A73 2008
|h Library of Congress classification
|i unmediated -- volume
|m A14837411166
|
| 998 |
f |
f |
|a PS3606.R433 A73 2008
|t 0
|l Remote Storage
|